000 00303nam a22001337a 4500
008 170204b xxu||||| |||| 00| 0 eng d
020 _a9780824723750
041 _aeng
080 _22ND
_a61
100 _a3
101 _aSHM
245 _aRELIABLE DESIGN OF MEDICAL DEVICES
_cFRIES, R
942 _2udc
_cBK
999 _c4569
_d4569